Premier league 23/24 - Statystyki

Ogólne statystyki
  • Ten quiz został rozwiązany 94 razy
  • Średni wynik to 14 z 20
Statystyki odpowiedzi
L.p. Kluby % Poprawnych
13. Manchester City
99%
14. Manchester United
97%
1. Arsenal
92%
11. Liverpool
88%
7. Chelsea
86%
2. Aston Villa
79%
15. Newcastle United
79%
12. Luton Town
78%
18. Tottenham Hotspur
78%
5. Brighton & Hove Albion
71%
9. Everton
71%
6. Burnley
64%
19. West Ham United
64%
8. Crystal Palace
63%
10. Fulham
55%
20. Wolverhampton Wanderers
55%
17. Sheffield United
54%
4. Brentford
53%
3. Bournemouth
50%
16. Nottingham Forest
46%
Nie znaleziono quizów pasujących do podanych kryteriów
Rozkład punktacji
Procent ludzi z każdym wynikiem
Percentyl według liczby udzielonych odpowiedzi
Twoja historia wyników
Nie rozwiązałeś tego quizu